000 00911nam a22001577a 4500
003 OSt
005 20151112153440.0
008 151112b xxu||||| |||| 00| 0 eng d
040 _cRUA
082 _aFOR CHA 2008 B135 Or.1
100 _93620
_aCHANTHA, YUTHEA.
245 _aComparison of aquilaria crassna growth by applying and not applying polymer in phom sralaov village chroy svay commune sre ambel district kohkong province, ការប្រៀបធៀបអំពីការដាំដើមចន្ទន៍ក្រស្នាដោយប្រើប្រាស់ និងមិនប្រើប្រាស់ប៉ូលីម៊ែរនៅភូមិភ្នំស្រឡៅឃុំជ្រោយស្វាយ ស្រុកស្រែអំបិល ខេត្តកោះកុង
260 _aPhnom Penh
_bRUA
_c2008
300 _axii; 50p.
_bill.
_c29cm.
942 _2ddc
_cFOR
999 _c3371
_d3371